000 00853nam a2200253Ia 4500
003 IT-RoPAU
008 120407s9999 xx 000 0 und d
040 _aIT-RoPAU
040 _cIT-RoPAU
041 _aita
100 _aBarthold Stratling
245 _aLa Chiesa sta perdendo la gioventù? La gioventù di fronte alla decisione della fede
250 _aMilano
260 _aEdizioni Paoline
260 _c1972
300 _a175 p.
300 _c18 cm
490 _aLa famiglia
490 _v55
600 _a"Tit.orig.:Junge Christen kontra Kirche- Trad. F. Manci. In testa al front.: Barthold-Helga Stràtling. 1. - Giovani,Comportamento religioso 2 - Chiesa - StràtlingTòlle Helga I - Manci Franco 200.19 BNI 73-65"
700 _aHelga Stràtling Tòlle
942 _cBK
999 _c27190
_d27190